Atlas of pediatric orthopaedic surgery / (Record no. 118405)

MARC details
000 -LEADER
fixed length control field 00732nam a2200241 a 4500
008 - FIXED-LENGTH DATA ELEMENTS--GENERAL INFORMATION
fixed length control field
020 ## - INTERNATIONAL STANDARD BOOK NUMBER
International Standard Book Number 0397515154 (hbk.)
049 ## - LOCAL HOLDINGS (OCLC)
Holding library MAIN
050 00 - LIBRARY OF CONGRESS CALL NUMBER
Classification number RD732.3.C48
Item number MOR
003 - CONTROL NUMBER IDENTIFIER
control field
005 - DATE AND TIME OF LATEST TRANSACTION
control field 20230120204153.0
040 ## - CATALOGING SOURCE
Transcribing agency NUST
100 1# - MAIN ENTRY--PERSONAL NAME
Personal name Morrissy, Raymond T.
245 10 - TITLE STATEMENT
Title Atlas of pediatric orthopaedic surgery /
Statement of responsibility, etc. Raymond T. Morrissy ; illustrated by Bernie Kida.
250 ## - EDITION STATEMENT
Edition statement 2nd ed.
260 ## - PUBLICATION, DISTRIBUTION, ETC.
Place of publication, distribution, etc. Philadelphia :
Name of publisher, distributor, etc. Lippincott,
Date of publication, distribution, etc. c1992.
300 ## - PHYSICAL DESCRIPTION
Extent xv, 858 p. :
Other physical details ill. ;
Dimensions 29 cm.
500 ## - GENERAL NOTE
General note Includes index.
504 ## - BIBLIOGRAPHY, ETC. NOTE
Bibliography, etc. note Includes bibliographical references.
650 #0 - SUBJECT ADDED ENTRY--TOPICAL TERM
Topical term or geographic name entry element Pediatric orthopedics
General subdivision Atlases.
907 ## - LOCAL DATA ELEMENT G, LDG (RLIN)
a .b10357476
b 27-04-15
c 27-04-15
942 ## - ADDED ENTRY ELEMENTS (KOHA)
Koha item type Ordinary Loan Books
Holdings
Date last seen Total Checkouts Full call number Barcode Cost, replacement price Price effective from Koha item type Lost status Source of classification or shelving scheme Damaged status Not for loan Collection Withdrawn status Home library Current library Shelving location Date acquired Cost, normal purchase price
01/20/2023   RD732.3.C48 MOR 92004040245 80.00 01/20/2023 BOOKS   LCC     NFIC   MEDICAL MEDICAL GEN 01/20/2023 80.00